000 00741nam a22001815i 4500
001 155436
003 ES-MaACL
005 20230906210056.0
008 011108s1883 sp af |||| | spa d
040 _aCCPB | B
_bspa
_cCCPB | B
100 1 _aHidalgo y Terrón, José.
_9127970
245 1 0 _aObra completa de equitación
_b: la mas extensa publicada hasta el dia : dividida en dos tomos ó series y cada serie en dos cursos ... /
_cpor José Hidalgo y Terron.
260 _aMadrid :
_b[s.n.],
_c1883 (
_fR. Velasco)
300 _a2 v. (283, [1] p., [12] h. de grab. ; 295, [2] p., [8] h. de lám. pleg.) ;
_c27 cm.
650 4 _aEquitación.
_9136007
752 _aEspaña -
_dMadrid
852 _aES-MaACL
_jG-11430-11431
_z-- Enc. pasta
999 _c155436
_d155436